<?xml version="1.0" encoding="UTF-8"?>
<record
    xmlns:xsi="http://www.w3.org/2001/XMLSchema-instance"
    xsi:schemaLocation="http://www.loc.gov/MARC21/slim http://www.loc.gov/standards/marcxml/schema/MARC21slim.xsd"
    xmlns="http://www.loc.gov/MARC21/slim">

  <leader>01664nab a2200241uuc4500</leader>
  <controlfield tag="001">1195683</controlfield>
  <controlfield tag="005">20240202094458.0</controlfield>
  <controlfield tag="008">100408e20091201                    spa  </controlfield>
  <datafield tag="035" ind1=" " ind2=" ">
    <subfield code="a">1195683</subfield>
  </datafield>
  <datafield tag="035" ind1=" " ind2=" ">
    <subfield code="a">(OCoLC)820534860</subfield>
  </datafield>
  <datafield tag="040" ind1=" " ind2=" ">
    <subfield code="c">comduadb</subfield>
  </datafield>
  <datafield tag="041" ind1=" " ind2=" ">
    <subfield code="a">spa</subfield>
  </datafield>
  <datafield tag="100" ind1="1" ind2="0">
    <subfield code="a">Marulanda Ar&#xE9;valo, Jos&#xE9; Luddey</subfield>
    <subfield code="4">aut</subfield>
    <subfield code="e">aut</subfield>
    <subfield code="9">439935</subfield>
  </datafield>
  <datafield tag="245" ind1="1" ind2="0">
    <subfield code="a">Protecci&#xF3;n contra la corrosi&#xF3;n en sales fundidas de un acero Hot Rolled, en el rango de temperaturas de 400oC-600oC, recubierto por rociado t&#xE9;rmico con acero inoxidable 312 /</subfield>
    <subfield code="c">Protecci&#xF3;n contra la corrosi&#xF3;n en sales fundidas de un acero Hot Rolled, en el rango de temperaturas de 400oC-600oC, recubierto por rociado t&#xE9;rmico con acero inoxidable 312</subfield>
  </datafield>
  <datafield tag="520" ind1="3" ind2=" ">
    <subfield code="a">Se evalu&#xF3; la corrosi&#xF3;n por sales fundidas mediante la t&#xE9;cnica gravim&#xE9;trica en un acero de bajo carbono tipo hot rolled, rociado t&#xE9;rmicamente con una aleaci&#xF3;n de acero inoxidable tipo 312, con el equipo Rototec, en una mezcla de sal 20% Na2SO4 - 80% V2O5, entre 400&#xBA;C - 600&#xBA;C, durante tiempos de 1-7-22 horas. Los resultados mostraron una moderada protecci&#xF3;n de la capa rociada t&#xE9;rmicamente y se present&#xF3; alta degradaci&#xF3;n en el recubrimiento a 600&#xBA;C. Se concluy&#xF3; que la velocidad de corrosi&#xF3;n aumenta con la temperatura y disminuye con el tiempo de exposici&#xF3;n.</subfield>
  </datafield>
  <datafield tag="650" ind1=" " ind2=" ">
    <subfield code="a">Corrosi&#xF3;n</subfield>
    <subfield code="9">19065</subfield>
  </datafield>
  <datafield tag="650" ind1=" " ind2=" ">
    <subfield code="a">Acero</subfield>
    <subfield code="9">828</subfield>
  </datafield>
  <datafield tag="650" ind1=" " ind2=" ">
    <subfield code="a">Protecci&#xF3;n contra la corrosi&#xF3;n</subfield>
    <subfield code="9">174782</subfield>
  </datafield>
  <datafield tag="700" ind1="1" ind2="0">
    <subfield code="a">Tristancho Reyes, Jos&#xE9; Luis</subfield>
    <subfield code="4">aut</subfield>
    <subfield code="e">aut</subfield>
    <subfield code="9">403118</subfield>
  </datafield>
  <datafield tag="700" ind1="1" ind2="0">
    <subfield code="a">Ca&#xF1;as, Adriana</subfield>
    <subfield code="4">aut</subfield>
    <subfield code="e">aut</subfield>
    <subfield code="9">592816</subfield>
  </datafield>
  <datafield tag="773" ind1="0" ind2=" ">
    <subfield code="t">DYNA (Medell&#xED;n)</subfield>
    <subfield code="g">Volumen 076, N&#xFA;mero 160, Diciembre 2009, p. 229-235</subfield>
    <subfield code="w">188384</subfield>
    <subfield code="x">0012-7353</subfield>
    <subfield code="0">82258</subfield>
  </datafield>
  <datafield tag="942" ind1=" " ind2=" ">
    <subfield code="c">ARIMP</subfield>
  </datafield>
  <datafield tag="999" ind1=" " ind2=" ">
    <subfield code="c">544710</subfield>
    <subfield code="d">544710</subfield>
  </datafield>
</record>
